The government and politics of the Middle East and North Africa
Saved in:
| Other Authors: | , |
|---|---|
| Format: | Book |
| Language: | English |
| Published: |
Boulder :
Westview Press,
1995
|
| Edition: | 3rd ed. |
| Subjects: | |
| Tags: |
Add Tag
No Tags, Be the first to tag this record!
|
MARC
| LEADER | 00000nam a2200000 i 4500 | ||
|---|---|---|---|
| 001 | 1/94906 | ||
| 008 | 991201s1995 eng d | ||
| 020 | |a 0-8133-2126-3 | ||
| 035 | |l 10055048 | ||
| 040 | |a GR-MY-UA |b gre |e aacr | ||
| 041 | 0 | |a eng | |
| 082 | 0 | |a 956 | |
| 245 | 1 | 4 | |a The government and politics of the Middle East and North Africa / |c edited by David E. Long, Bernard Reich |
| 250 | |a 3rd ed. | ||
| 260 | |a Boulder : |b Westview Press, |c 1995 | ||
| 300 | |a 487 p. | ||
| 651 | 0 | |a Middle East |x Politics and government |y 1945- | |
| 651 | 0 | |a Africa, North |x Politics and government. | |
| 700 | 1 | |a Long, David E. |4 edt | |
| 700 | 1 | |a Reich, Bernard. |4 edt | |
| 852 | |a INST |b RHODES |e 19991201 |h 956 GOV |p 005400012246 |q 005400012246 |t BK |y 0 | ||
| 852 | |a INST |b RHODES |e 19991201 |h 956 GOV |p 005400012247 |q 005400012247 |t BK |y 0 | ||
| 852 | |a INST |b RHODES |e 19991201 |h 956 GOV |p 005400012248 |q 005400012248 |t BK |y 0 | ||
| 901 | |a BIBL4-1999-3 | ||
| 909 | |a Ρ |b 069012 | ||
| 909 | |a Ρ |b 069013 | ||
| 909 | |a Ρ |b 069014 | ||
| 922 | |a 4ΕΛΗ |b 199909 |c ΚΠΣ/124 |d GLORY BOOKS | ||
| 970 | |a ΚΟΥΛΑΚΙΟΤΗ |b ΛΙΤΣΑ |z 1999/12/01 | ||